Animateurs & Animatrices TV francophones de A à Z (par images) - Statistiques

Statistiques générales
  • Ce quiz a été pris 178 fois
    150 depuis la dernière actualisation
  • Le résultat moyen est 18 sur 24
Statistiques - réponses
Par images Hint Réponse % Correct
A Arthur
99%
H Cyril Hanouna
99%
N Nagui
99%
S Patrick Sébastien
96%
E Philippe Etchebest
95%
J Jarry
94%
R Jean-Luc Reichmann
94%
L Karine Le Marchand
94%
C Benjamin Castaldi
93%
P Stéphane Plaza
93%
B Laurence Boccolini
92%
M Olivier Minne
92%
Y Michaël Youn
91%
D Christophe Dechavanne
86%
F Cyril Féraud
86%
T Tex
76%
Q Sandrine Quétier
67%
G Jamy Gourmaud
66%
Z Karl Zéro
53%
W Delphine Wespiser
50%
V Julia Vignali
43%
I Thomas Isle
22%
O Yasmine Oughlis
8%
K Ismaël Khelifa
7%
Aucun quiz correspondant
Distribution des résultats
% des personnes avec chaque résultat
Percentile par nombre de réponses
Votre historique - résultats
Vous n’avez pas pris ce quiz depuis la dernière actualisation